000 00482nam a2200181Ia 4500
005 20250508150559.0
008 008 250505s9999 xx 000 0 eng d
037 _aTextual
040 _aFEDL
_beng
_cFEDL
041 _aeng
_2eng
084 _a153, WYA
_qFEDL
100 _aWyatt H. G.
245 0 _aPsychology of intlligence and will
260 _aLondon, UK
_bKegan Paul
_c1930
300 _aviii,273p.
942 _cTEXL
_h153, WYA
999 _c1324375
_d1324375